Coir: A natural medium to counter threats of climate change (Record no. 55825)

MARC details
000 -LEADER
fixed length control field 00459nam a2200133Ia 4500
100 ## - MAIN ENTRY--AUTHOR NAME
Personal name Anita Das Ravindranath
245 #0 - TITLE STATEMENT
Title Coir: A natural medium to counter threats of climate change
260 ## - PUBLICATION, DISTRIBUTION, ETC. (IMPRINT)
Name of publisher PLACROSYM XIX, 7-10 December 2010, Kottayam. Climate Change. 19th Biennial Symposium on Plantation Crops. Abstracts.pp.27
650 ## - SUBJECT ADDED ENTRY--TOPICAL TERM
Topical Term Climate change
650 ## - SUBJECT ADDED ENTRY--TOPICAL TERM
Topical Term Coir
700 ## - ADDED ENTRY--PERSONAL NAME
Personal name Sharma U S
942 ## - ADDED ENTRY ELEMENTS (KOHA)
Koha item type Journals
Holdings
Withdrawn status Lost status Damaged status Not for loan Home library Current library Shelving location Date acquired Koha item type
      Journals RRII Library RRII Library Climate change 25/01/2011 Journals